Anjel na každý deň

Bibliographic Details
Main Author: McGerr, Angela (Author)
Other Authors: Rockwood, Richard (Illustrator), Florianová, Petra (Translator), Hromadová, Veronika (Translator), Dunajová, Tatiana (Translator)
Format: Book
Language:Slovak
English
PhysicalDescription:304 s. ilustr. 17 cm
Published: Praha Ottovo nakladatelství 2011
ISBN:9788073608231
Subjects:

MARC

LEADER 00000cam a2200000 a 4500
001 vtls010011478
003 SK-MaSNL
005 20260301083328.0
008 180730s2011 xr a g f 001 0 slo
015 |a SNBZSA2016 
020 |a 9788073608231  |q (viaz.) 
035 |a SE115604 
035 |a urn:nbn:sk:snk-amlopk 
035 |a urn:nbn:sk:snk-am00bv5q 
035 |a 1C18E6F0-7D45-46BE-9979-8971294638F6 
040 |a SNK  |b slo  |c SNK  |e AACR2 
041 1 |a slo  |h eng 
044 |a xr  |c CZ 
072 7 |a 2-1  |x Prirodzená teológia. Náboženská filozofia  |2 konspekt 
080 |a 27-167.4  |2 2011 
080 |a 133.522.2  |2 2011 
080 |a 17.02  |2 2011 
080 |a (035)  |2 2011 
100 1 |a McGerr, Angela  |4 aut  |9 410023 
240 1 3 |a An angel for every day  |l Slovensky 
245 1 0 |a Anjel na každý deň  |c Angela McGerr ; ilustrácie Richard Rockwood ; [z anglického originálu ... preložili Petra Florianová, Veronika Hromadová a Tatiana Dunajová] 
260 |a Praha  |b Ottovo nakladatelství  |c 2011 
300 |a 304 s.  |b ilustr.  |c 17 cm 
504 |a Reg. 
650 0 7 |a anjeli  |2 SNKPH  |9 1910 
650 0 7 |a zverokruh  |2 SNKPH  |9 49808 
650 0 7 |a životná harmónia  |2 SNKPH  |9 4976 
650 0 7 |a Angels  |2 SNKPHeng  |9 328157 
650 0 7 |a Zodiac  |2 SNKPHeng  |9 317784 
655 7 |a príručky  |2 SNKPH  |9 74364 
655 7 |a Handbooks, manuals, etc  |2 SNKPHeng  |9 90964 
700 1 |a Rockwood, Richard  |4 ill  |9 410024 
700 1 |a Florianová, Petra  |4 trl  |9 410025 
700 1 |a Hromadová, Veronika  |4 trl  |9 323657 
700 1 |a Dunajová, Tatiana  |4 trl  |9 367429 
919 |a 978-80-7360-823-1 
958 |a OP 
958 |a ZS 
999 |c 660270  |d 662200 
952 |a SNK  |b SNK  |y PREZ  |7 0  |p 17A1177886  |o snkSD 84986  |i snk2016/2488  |8 4  |g 6.99  |0 0  |1 0  |4 0  |d 2016-01-14  |f 1  |l 0  |r 2017-06-30 00:00:00  |w 2026-02-23